000 11197nam a22007457a 4500
005 20081015101515.0
008 081015t xxu||||| |||| 00| 0 hin d
010 _aHIN-84404
020 _a8188093939
_c350.00
035 _aHN-56750
035 _aB-358762
037 _bDBAD / PUB
037 _bग्रन्थ विकास
037 _bपैन्सी बुक्स
040 _aDPL
_bHN
082 _a340.115
100 _a शेण्डे, हरिदास रामजी 'सुदर्शन '
245 _aआम आदमी और कानून /
_cहरिदास रामजी शेण्डे ' सुदर्शन '
246 _aAama aadami aur kaanoona
_bby Haridas Ramji Shende 'Sudarshan '
260 _aजयपुर
_bग्रन्थ विकास
_c2009
270 _aसी-37, राजापार्क, आदर्श नगर
_bजयपुर
300 _a254पृ
_c22सेमी (सजिल्द)
650 _aआम कानून
_zभारत
650 _aCommon law
_zIndia
942 _2ddc
_cHN
_mशेण्डेह
_h340.115
999 _c16721
_d16721